00637nam a2200241 a 4500001001300000003000900013005001700022008004100039020001000080082001500090100001800105245001100123260004500134300000900179500003500188505001000223650000800233700001800241902000800259942000700267952010600274999001500380nice12345678IN_TiNIC20260116011916.0050524s1876 lona grp 000 0 eng  ac10000a211.3bFLI aFlint, Robert aTheism aLondonbWilliam Blackwood and Sonsc1876 a454p aincludes index and biblioraphy2 aIndex aGod1 aFlint, Robert bSRS cBK 00104070aHMIbHMId2008-05-12g100.00l3o211.3 FLIp8807r2020-06-05s2020-06-03w2026-01-16yEB c4873d4873